[Event "Mittelfranken-chTB2b 1314"]
[Site "Mittelfranken"]
[Date "2014.05.04"]
[Round "9.8"]
[White "Weissmueller, Klaus"]
[Black "Boehme, Sebastian1111"]
[Result "0-1"]
[WhiteElo "1549"]
[BlackElo "1912"]
[PlyCount "74"]
[EventDate "2013.10.20"]
[EventType "team-tourn"]
[EventRounds "9"]
[EventCountry "GER"]
[SourceTitle "EXT 2020"]
[Source "ChessBase"]
[SourceDate "2019.10.17"]
[SourceVersion "1"]
[SourceVersionDate "2019.10.17"]
[SourceQuality "1"]
[WhiteTeam "Lauf SV"]
[BlackTeam "Uttenreuth"]
[WhiteTeamCountry "GER"]
[BlackTeamCountry "GER"]

1. e4 e5 2. Nf3 f5 3. d3 d6 4. Nc3 Nf6 5. Be2 Nc6 6. Bg5 Be7 7. exf5 Bxf5 8. Bxf6 Bxf6 9. Nd5 0-0 10. Nxf6+ Rxf6 11. c3 Rb8 12. 0-0 Rg6 13. Kh1 Qf6 14. g3 Bh3 15. Re1 d5 16. Bf1 Bg4 17. Kg2 Rf8 18. Be2 Qf7 19. Rf1 Rf6 20. Ng5 Rxf2+ 21. Kg1 Rxf1+ 22. Qxf1 Qxf1+ 23. Bxf1 h6 24. Bh3 Bxh3 25. Nxh3 Rf3 26. Rd1 Kf7 27. Kg2 Re3 28. Kf2 d4 29. Ng1 Ke6 30. Nf3 Kd5 31. Nh4 e4 32. dxe4+ Kxe4 33. Ng2 Rf3+ 34. Ke2 dxc3 35. bxc3 Rxc3 36. Rd2 Nd4+ 37. Kd1 Rd3 0-1

[Event "Mittelfranken-chTB2b 1314"]
[Site "Mittelfranken"]
[Date "2014.02.16"]
[Round "6.7"]
[White "Weissmueller, Klaus"]
[Black "Strnad, Alfred"]
[Result "0-1"]
[WhiteElo "1549"]
[BlackElo "1822"]
[PlyCount "66"]
[EventDate "2013.10.20"]
[EventType "team-tourn"]
[EventRounds "9"]
[EventCountry "GER"]
[SourceTitle "EXT 2020"]
[Source "ChessBase"]
[SourceDate "2019.10.17"]
[SourceVersion "1"]
[SourceVersionDate "2019.10.17"]
[SourceQuality "1"]
[WhiteTeam "Lauf SV"]
[BlackTeam "Heideck/Hilpoltstein"]
[WhiteTeamCountry "GER"]
[BlackTeamCountry "GER"]

1. e4 c5 2. Nf3 Nc6 3. c3 d5 4. exd5 Qxd5 5. d4 Bg4 6. Be2 e6 7. Be3 cxd4 8. cxd4 Qa5+ 9. Nbd2 Nf6 10. 0-0 Be7 11. h3 Bh5 12. Nb3 Qd5 13. Rc1 0-0 14. a3 Rac8 15. Nc5 b6 16. Nd3 Bd6 17. Rc2 Bb8 18. Qc1 Ne7 19. Rd1 Rxc2 20. Qxc2 Rc8 21. Qd2 Ne4 22. Qe1 Nf5 23. Rc1 Rd8 24. g4 Nxe3 25. fxe3 Bg6 26. Nde5 Qb3 27. Nc4 Bg3 28. Qd1 Qxd1+ 29. Bxd1 Bf2+ 30. Kg2 b5 31. Bc2 bxc4 32. Bxe4 Bxe3 33. Bxg6 Bxc1 0-1

[Event "Mittelfranken-chTB2b 1314"]
[Site "Mittelfranken"]
[Date "2013.11.17"]
[Round "2.8"]
[White "Weissmueller, Klaus"]
[Black "Osthof, Rudolf"]
[Result "0-1"]
[WhiteElo "1549"]
[BlackElo "1609"]
[PlyCount "56"]
[EventDate "2013.10.20"]
[EventType "team-tourn"]
[EventRounds "9"]
[EventCountry "GER"]
[SourceTitle "EXT 2020"]
[Source "ChessBase"]
[SourceDate "2019.10.17"]
[SourceVersion "1"]
[SourceVersionDate "2019.10.17"]
[SourceQuality "1"]
[WhiteTeam "Lauf SV"]
[BlackTeam "Forchheim III"]
[WhiteTeamCountry "GER"]
[BlackTeamCountry "GER"]

1. e4 Nf6 2. Nc3 d5 3. exd5 Nxd5 4. Bc4 e6 5. Nge2 c5 6. d3 Nc6 7. a3 Be7 8. 0-0 0-0 9. Ne4 b6 10. N2g3 Bb7 11. f3 Ne5 12. Ba2 Ng6 13. Bxd5 Qxd5 14. Be3 Rad8 15. Qe2 Ba6 16. b3 Qc6 17. f4 Rd7 18. f5 exf5 19. Nxf5 Bd8 20. Qg4 f6 21. Rf3 Ne5 22. Qh3 Nxf3+ 23. gxf3 Bc8 24. Qg3 Bc7 25. f4 Qe6 26. Nh6+ Kh8 27. Ng4 Re7 28. Re1 Qxg4 0-1

[Event "Mittelfranken-chTB2b 0910"]
[Site "Mittelfranken"]
[Date "2010.02.21"]
[Round "7.6"]
[White "Weissmueller, Klaus"]
[Black "Kiefer, Johannes"]
[Result "1-0"]
[WhiteElo "1669"]
[BlackElo "1794"]
[PlyCount "99"]
[EventDate "2009.10.11"]
[EventType "team-tourn"]
[EventRounds "9"]
[EventCountry "GER"]
[SourceTitle "EXT 2011"]
[Source "ChessBase"]
[SourceDate "2010.11.26"]
[SourceVersion "1"]
[SourceVersionDate "2010.11.26"]
[SourceQuality "1"]
[WhiteTeam "Lauf II"]
[BlackTeam "Heilsbronn"]
[WhiteTeamCountry "GER"]
[BlackTeamCountry "GER"]

1. e4 Nc6 2. d4 e5 3. d5 Nce7 4. Nf3 Ng6 5. c4 Nf6 6. Nc3 Bc5 7. Be3 Bb4 8. Bd3 Ng4 9. Bd2 a5 10. h3 Nf6 11. g3 0-0 12. Qe2 d6 13. 0-0-0 a4 14. Bc2 Bd7 15. Rdg1 Qc8 16. h4 Bg4 17. Qd3 Bxf3 18. Qxf3 Qg4 19. Qd3 Qd7 20. h5 Ne7 21. f3 Ne8 22. g4 f6 23. f4 a3 24. b3 Rb8 25. f5 Bxc3 26. Qxc3 Ra8 27. g5 fxg5 28. Rxg5 h6 29. Rgg1 Kf7 30. Qg3 Rg8 31. Rh2 Nf6 32. Qf3 c6 33. Rhg2 b5 34. cxb5 cxd5 35. exd5 Qxb5 36. Bd3 Qc5+ 37. Bc4 Qd4 38. Bb4 Qb6 39. Bc3 Rac8 40. Kd2 e4 41. Qg3 Nxh5 42. Qh4 e3+ 43. Kd3 Nf6 44. Bxf6 gxf6 45. Qh5+ Kf8 46. Qxh6+ Ke8 47. Rxg8+ Kd7 48. Rxc8 Qa5 49. Qxe3 Nxc8 50. Rg7+ 1-0

[Event "Mittelfranken-chTB2b 0910"]
[Site "Mittelfranken"]
[Date "2009.11.22"]
[Round "3.7"]
[White "Heinrichmeier, Roland"]
[Black "Weissmueller, Klaus"]
[Result "0-1"]
[WhiteElo "1704"]
[BlackElo "1669"]
[PlyCount "110"]
[EventDate "2009.10.11"]
[EventType "team-tourn"]
[EventRounds "9"]
[EventCountry "GER"]
[SourceTitle "EXT 2011"]
[Source "ChessBase"]
[SourceDate "2010.11.26"]
[SourceVersion "1"]
[SourceVersionDate "2010.11.26"]
[SourceQuality "1"]
[WhiteTeam "Schwabach"]
[BlackTeam "Lauf II"]
[WhiteTeamCountry "GER"]
[BlackTeamCountry "GER"]

1. e4 e5 2. Nf3 Nc6 3. Bc4 Bc5 4. c3 d6 5. d4 exd4 6. cxd4 Bb4+ 7. Nc3 Bg4 8. 0-0 Nf6 9. Bg5 h6 10. Bh4 g5 11. Bg3 Bxc3 12. bxc3 Nxe4 13. Re1 f5 14. h3 Bh5 15. Bd5 Bg6 16. Nd2 Kd7 17. Nxe4 fxe4 18. Qg4+ Ke8 19. Qe6+ Ne7 20. Bxe4 Bf7 21. Qf6 Rg8 22. Bh7 Rf8 23. Re2 Bc4 24. Qg6+ Kd7 25. Qe4 Bxe2 26. Qxe2 c6 27. Re1 Nd5 28. c4 Nf4 29. Qg4+ Kc7 30. Rb1 Qf6 31. Qd1 Rf7 32. Qb3 Rb8 33. Bc2 Ne2+ 34. Kh2 Nxg3 35. fxg3 Qxd4 36. c5 d5 37. Qa3 a6 38. Bg6 Rf2 39. Bh5 Qd2 40. Bf3 Qxa2 41. Qd3 Rd8 42. Re1 Rd7 43. Qe3 Qb2 44. Kh1 Rf7 45. Qe6 Qf6 46. Qe8 Rxf3 47. gxf3 Qxf3+ 48. Kh2 Qf2+ 49. Kh1 Qf3+ 50. Kh2 Qf6 51. Qe3 Qf2+ 52. Qxf2 Rxf2+ 53. Kg1 Rc2 54. Re7+ Kb8 55. Rh7 a5 0-1

[Event "Mittelfranken-chTB2b 0809"]
[Site "Mittelfranken"]
[Date "2009.04.26"]
[Round "9.6"]
[White "Weissmueller, Klaus"]
[Black "Leis, Stefan"]
[Result "0-1"]
[WhiteElo "1619"]
[BlackElo "1791"]
[PlyCount "74"]
[EventDate "2008.10.12"]
[EventType "team"]
[EventRounds "9"]
[EventCountry "GER"]
[SourceTitle "EXT 2011"]
[Source "ChessBase"]
[SourceDate "2010.11.26"]
[SourceVersion "1"]
[SourceVersionDate "2010.11.26"]
[SourceQuality "1"]
[WhiteTeam "Lauf II"]
[BlackTeam "Muehlhof/Schwabach"]
[WhiteTeamCountry "GER"]
[BlackTeamCountry "GER"]

1. e4 c5 2. Nf3 d6 3. c3 Nf6 4. d3 g6 5. Bg5 Bg7 6. Nbd2 0-0 7. Be2 Nc6 8. 0-0 h6 9. Bxf6 Bxf6 10. h3 Rb8 11. Nh2 e5 12. Bg4 b5 13. f4 exf4 14. Rxf4 Bg5 15. Rf1 b4 16. Bxc8 Rxc8 17. Ndf3 Bf6 18. Qd2 Bg7 19. Ng4 Kh7 20. d4 cxd4 21. cxd4 Qb6 22. Rad1 Ne5 23. Nfxe5 dxe5 24. Kh1 Qxd4 25. Qxd4 exd4 26. e5 h5 27. Nf6+ Bxf6 28. exf6 Rfd8 29. Rf4 d3 30. Rd2 g5 31. Rf3 Kg6 32. Kh2 Rc2 33. Rff2 Rxd2 34. Rxd2 Kxf6 35. g4 hxg4 36. hxg4 Ke5 37. Kg3 Ke4 0-1

[Event "Mittelfranken-chTB2b 0809"]
[Site "Mittelfranken"]
[Date "2009.03.22"]
[Round "8.7"]
[White "Weissmueller, Klaus"]
[Black "Niebler, Andreas"]
[Result "0-1"]
[WhiteElo "1619"]
[BlackElo "1800"]
[PlyCount "104"]
[EventDate "2008.10.12"]
[EventType "team"]
[EventRounds "9"]
[EventCountry "GER"]
[SourceTitle "EXT 2011"]
[Source "ChessBase"]
[SourceDate "2010.11.26"]
[SourceVersion "1"]
[SourceVersionDate "2010.11.26"]
[SourceQuality "1"]
[WhiteTeam "Lauf II"]
[BlackTeam "Neumarkt"]
[WhiteTeamCountry "GER"]
[BlackTeamCountry "GER"]

1. e4 e6 2. d4 d5 3. exd5 exd5 4. c4 Nf6 5. Nc3 c6 6. Bd3 Bd6 7. Nf3 0-0 8. 0-0 Bg4 9. Bg5 dxc4 10. Bxc4 Nbd7 11. Ne4 Be7 12. Ned2 Nb6 13. Bd3 Re8 14. Qc2 h6 15. Bh4 Nbd5 16. Ne5 Nb4 17. Qb3 Be6 18. Bc4 Bxc4 19. Qxc4 Qd5 20. Bxf6 Qxc4 21. Ndxc4 Bxf6 22. f4 Rad8 23. Nf3 Bxd4+ 24. Nxd4 Rxd4 25. Na5 Re2 26. Nb3 Rd5 27. Rf2 Rxf2 28. Kxf2 Nd3+ 29. Ke3 Nxb2 30. Nd2 Na4 31. Rb1 b6 32. Rb3 f6 33. Rd3 Rxd3+ 34. Kxd3 Kf7 35. g4 Ke6 36. Kd4 Kd6 37. Nc4+ Kd7 38. Ne3 g6 39. f5 g5 40. Nc4 Nc5 41. Kc3 Nb7 42. Kd4 b5 43. Nb2 Kd6 44. a4 c5+ 45. Ke4 a6 46. axb5 axb5 47. Kd3 Kd5 48. Nd1 c4+ 49. Kc3 Kc5 50. h3 b4+ 51. Kc2 Nd6 52. Nf2 Kd4 0-1

[Event "Mittelfrankenliga-B2a 0607"]
[Site "Mittelfranken"]
[Date "2007.01.28"]
[Round "5.5"]
[White "Weissmueller, Klaus"]
[Black "Fett, Helmut"]
[Result "0-1"]
[WhiteElo "1531"]
[BlackElo "1760"]
[PlyCount "96"]
[EventDate "2006.10.22"]
[EventType "team-tourn"]
[EventRounds "9"]
[EventCountry "GER"]
[SourceTitle "EXT 2011"]
[Source "ChessBase"]
[SourceDate "2010.11.26"]
[SourceVersion "1"]
[SourceVersionDate "2010.11.26"]
[SourceQuality "1"]
[WhiteTeam "Lauf II"]
[BlackTeam "Erlangen Siemens"]
[WhiteTeamCountry "GER"]
[BlackTeamCountry "GER"]

1. e4 e6 2. Nf3 d5 3. exd5 exd5 4. d4 Nc6 5. Be3 Bb4+ 6. c3 Bd6 7. Nbd2 Bg4 8. Bd3 Nge7 9. Qc2 Qd7 10. Nh4 g6 11. h3 Be6 12. 0-0-0 h6 13. g4 g5 14. Ng2 0-0-0 15. f4 f6 16. f5 Bf7 17. Bb5 Kb8 18. Qb3 Na5 19. Qa4 c6 20. Bd3 b6 21. Kb1 Qc7 22. Rc1 b5 23. Qc2 Nc4 24. Bg1 Ka8 25. Nxc4 bxc4 26. Be2 Rb8 27. Ka1 Rb6 28. Rb1 Rhb8 29. Ne3 Nc8 30. h4 Qe7 31. hxg5 hxg5 32. Nd1 Bf4 33. Bh2 Bxh2 34. Rxh2 Nd6 35. Bf3 Nb5 36. Qa4 Qd6 37. Qc2 Na3 38. Qd2 Nxb1 39. Kxb1 Re8 40. Rh6 Qe7 41. Rh1 Rbb8 42. Kc1 Rh8 43. Re1 Qc7 44. Ne3 Rh2 45. Re2 Rbh8 46. Qd1 Qf4 47. Rxh2 Rxh2 48. Qg1 Rh3 0-1